00544nam a2200157 i 4500001000300000100002000003245011400023260002100137040000800158041000800166942000700174008004100181999001700222856009800239952004900337bg1 aZALESKI, Janusz 0aStochastyczne modelowanie procesu poboru wody w instalacjach wewnętrzych i jego zastosowania /cJ.Zalewski. aWrocław,c1987. cBPK apol cKS s pl f |000 0 pol  c28545d28545 uhttp://koha.tu.koszalin.pl/cgi-bin/koha/opac-detail.pl?biblionumber=28545yKatalog online BPK 00104070aBPKbBPKcwo34381p01585827yKS